书目信息 |
| 题名: |
电机学 下册
|
|
| 作者: | 王敏东 主编 | |
| 分册: | ||
| 出版信息: | 杭州 浙江大学出版社 1990.06 |
|
| 页数: | 817页 | |
| 开本: | 32开 | |
| 丛书名: | ||
| 单 册: | ||
| 中图分类: | TM3 | |
| 科图分类: | ||
| 主题词: | 电机 | |
| 电子资源: | ||
| ISBN: | 7-308-00498-8 | |
| 000 | 00533nam0 2200193 45 | |
| 001 | 0010070987 | |
| 005 | 20001007091029.3 | |
| 010 | @a7-308-00498-8@d12.50元 | |
| 100 | @a20001007d1990 km y0chiy0120 ea | |
| 101 | 0 | @achi |
| 105 | @a z 000yy | |
| 200 | 1 | @a电机学 下册@ADian Ji Xue Xia Ce@f王敏东主编@FWang Min Dong Zhu Bian |
| 210 | @a杭州@c浙江大学出版社@d1990.06 | |
| 215 | @a817页@d32开 | |
| 606 | 0 | @a电机 |
| 690 | @aTM3@v3 | |
| 701 | 0 | @a王敏东@4主编 |
| 801 | @aCN@bPftUser@c20001007 | |
| 905 | @b169340-344@dTM3@eW205:2@f5 | |
| 电机学 下册/王敏东主编.-杭州:浙江大学出版社,1990.06 |
| 817页;32开 |
| ISBN 7-308-00498-8:12.50元 |
| ● |
| 相关链接 |
|
|
|
正题名:电机学下册
索取号:TM3/W205:2
 
预约/预借
| 序号 | 登录号 | 条形码 | 馆藏地/架位号 | 状态 | 备注 |
| 1 | 169340 | 201693408 | 自科二线404/301自科库 7排4列4层/ [索取号:TM3/W205:2] | 在馆 | |
| 2 | 169341 | 201693417 | 自科二线404/301自科库 7排4列4层/ [索取号:TM3/W205:2] | 在馆 | |
| 3 | 169342 | 201693426 | 自科库301/301自科库 10排4列1层/ [索取号:TM3/W205:2] | 在馆 | |
| 4 | 169343 | 201693435 | 自科库301/301自科库 10排4列1层/ [索取号:TM3/W205:2] | 在馆 | |
| 5 | 169344 | 201693444 | 自科二线404/301自科库 7排4列4层/ [索取号:TM3/W205:2] | 在馆 |